000 00829nam a22001937a 4500
003 OSt
005 20250915180701.0
008 240322b ||||| |||| 00| 0 eng d
040 _c0
082 _aDPer 621.381 In821 September 2022 v. 37 n. 9
100 _aGuo, Zhiqiang.
_eauthor.
_955147
245 _aControl strategy of AC-DC converter based on dual active bridge with minimum current stress and soft switching /
_cZhiqiang Guo and Xu Han.
260 _aNew York ;
_bThe Institute of Electrical and Electronics Engineers, Inc. ,
_cSeptember 2022.
300 _aVolume 37, pages 10178-10189 :
_billustration ;
_c28 cm.
500 _aIEEE Transitions on Power Electronics, v. 37 n. 9, pages 10178-10189, September 2022.
700 _aGuo, Zhiqiang.
_eauthor.
_955147
700 _aHan, Xu.
_eauthor.
_955148
942 _2ddc
_cPER
999 _c19792
_d19792